000 01459nam0a22003491 4500
001 RU\NLR\INFOCOMM_195\5000042513
005 20250613092132.0
035 _a(NLR Aleph) 009142955
090 _a8347263
_c8347263
100 _a20091026d1986 |||y0rusy50 ca
101 1 _aeng
_crus
102 _aRU
105 _aa ||||000|y
200 1 _aElementary plane and mine surveying
_fV. Borshch-Komponiets, B. Fedorov, M. Kolesnikova
_gTransl. from the Russ. by V. V. Kuznetsov
205 _aRev. from the 1981. Russ. ed.
210 _aΜ.
_cMir
_d1986
215 _a326 с.
_cил.
_d22 см
300 _aВ вып. дан.: Основы геодезии и маркшейдерского дела / Борщ-Компониец Виталий Иванович, Федоров Борис Дмитриевич, Колесникова Маргарита Владимировна
300 _aНа переплете авт. не указаны
686 _aД12
_2rubbk
686 _aИ12
_2rubbk
700 1 _9z01790
_aBoršč-Komponiec
_bV. I.
_gVitalij Ivanovič
_4070
701 1 _9z02790
_aFedorov
_bB. D.
_gBoris Dmitrievič
_4070
701 1 _9z03790
_aKolesnikova
_bM. V.
_gMargarita Vladimirovna
_4070
790 1 _9z01700
_aBorshch-Komponiets
_bV.
_4070
790 1 _9z02701
_aFedorov
_bB.
_4070
790 1 _9z03701
_aKolesnikova
_bM.
_4070
801 1 _aRU
_bNLR
_c20091026
801 0 _aRU
_bNLR
_gPSBO
852 _aNLR
_jГд01 Д-5/15
942 _cBOOK
980 _aNB